000 00520nam a22001817a 4500
003 CEME
005 20210628204055.0
008 210107b xxu||||| |||| 00| 0 eng d
020 _a9788120314051
040 _cceme
082 _a660.281 BHA
100 _aBhagade, Sudheer S , Nageshwar, Govind Das
_968598
245 _aProcess dynamics and control
260 _aNEW DELHI
_bPHI LEARNING
_c2011
300 _aIX, 328P
650 _aPROCESS DYNAMICS AND CONTROL. PROCESS DYNAMICS CONTROL
_968599
942 _cBK
_2ddc
999 _c576131
_d576131